[Event "BL 2018/19"]
[Site "Germany"]
[Date "2018.11.10"]
[Round "1.1"]
[White "Leko, Peter"]
[Black "McShane, Luke J"]
[Result "0-1"]
[WhiteElo "2679"]
[BlackElo "2667"]
[Annotator "C.D. Meyer"]
[PlyCount "80"]
[EventDate "2018.??.??"]
[WhiteTeam "SV Werder Bremen"]
[BlackTeam "SF Deizisau"]

{ESKAPADE AUF UNERFORSCHTEM TERRAIN} 1. e4 c5 2. Nf3 e6 3. d4 cxd4 4. Nxd4 Nc6
5. Nc3 Qc7 {Taimanow-Sizilianisch stellt für Luke James McShane eine sehr
ungewöhnliche, überraschende Eröffnungswahl dar, in der Bundesliga jedenfalls
eine Premiere - eigens für die Begegnung mit dem ungarischen Spitzenspieler
und WM-Finalisten von 2004.} 6. Be3 a6 7. Qf3 $5 {Nach Dd2 (jahrelang die
erste Wahl des Ungarn) und Ld3 ist der Textzug eine seltenere, aber
gefährliche Alternative, mit der Peter Leko in letzter Zeit experimentiert.}
Ne5 8. Qg3 b5 9. O-O-O Nf6 10. f4 Neg4 {[#]} 11. Bd2 $5 ({Ein interessanter
Versuch, die gegnerische Vorbereitung auf unerforschtem Terrain zu
durchkreuzen. Ansonsten wird fast ausschließlich} 11. Bg1 {bevorzugt wird.
Dazu ein paar Beispiele:} b4 (11... h5 12. e5 b4 13. Na4 Nd5 14. Bd3 (14. h3
Nh6 15. Bd3 (15. f5 Bb7 16. Bd3 Be7 17. Kb1 h4 18. Qe1 Qa5 19. b3 Nc3+ 20. Nxc3
bxc3 $13 {0-1 (62) Kotronias,V (2529)-Bellaiche,A (2485) Moscow 2018}) 15... g6
16. Be4 Bb7 17. Qf3 Nf5 $2 18. Nxf5 gxf5 19. Bxd5 Bxd5 20. Rxd5 exd5 21. Nb6
Rb8 22. Nxd5 $16 {1-0 (33) Sarana,A (2577)-Movsesian,S (2632) Batumi 2018}) (
14. Nb3 Bb7 15. Nac5 Bc6 $1 16. Ne4 (16. Nxa6 Qc8) 16... f5 $1 17. h3 $2 (17.
exf6) 17... h4 18. Qe1 fxe4 19. hxg4 Nxf4 20. Rxh4 Rxh4 21. Qxh4 Qxe5 $17 {
0-1 (42) Karjakin,S (2760)-Caruana,F (2799) London 2017}) 14... Bb7 15. Kb1 g6
16. h3 Nh6 17. Be4 Rc8 18. Qf3 Nf5 $13 {1/2-1/2 (59) Oparin,G (2607)-Matlakov,
M (2709) Moscow 2018}) 12. Na4 h5 13. Bd3 d5 14. e5 Ne4 15. Bxe4 dxe4 16. Nb3
Bb7 17. Nb6 Rd8 18. Rxd8+ Qxd8 19. Na5 Bd5 20. Nac4 Bxc4 $2 21. Nxc4 Qd5 22. b3
$16 {1-0 (52) Leko,P (2709)-Kantans,T (2476) Germany 2017}) 11... b4 (11... Qa7
$5 {Vielleicht der geeignete Moment für diesen Damenzug?} 12. e5 (12. h3 b4 (
12... Qxd4 13. hxg4 Nxe4 14. Nxe4 Qxe4 15. Kb1 Bb7 16. Bc3) 13. hxg4 bxc3 14.
Bxc3 (14. Qxc3 Nxe4 15. Qe3 Bb7 16. Bd3 Nf6 $13) 14... Nxe4 15. Qe1 Bb7 $13)
12... Qxd4 13. exf6 Nxf6 14. Be3 Qb4 15. f5 (15. Bd4 $44) 15... Bb7 16. Qc7 $6
Bc6 17. a3 Qg4 (17... Qe7 $142 $15) 18. Be2 Qxg2 19. fxe6 fxe6 20. Rhg1 Qh3 21.
Rg3 Qxh2 22. Bg1 Qh4 23. Kb1 Be7 24. Rxg7 Rg8 25. Rxg8+ Nxg8 $13 {/=: 1/2-1/2 
(47) Balcerak,P (2372)-Johansson,G (2210) Stockholm 2017}) 12. Na4 {[#]} Qa7 {
Hier wurde der Damenzug nach a7 in der Großmeisterpraxis (laut meiner
Datenbanken) vermutlich erst einmal probiert. Ob die nachstehende Partie (vom
Werder Mannschaftskollegen GM Romain Edouard) unseren Kombattanten bekannt war?
} (12... h5 $5 {mag die kritische, messerscharfe Fortsetzung sein, man sehe:}
13. Bd3 d5 $5 (13... e5 $2 14. fxe5 Nxe5 15. Bg5) (13... Qa7 $2 14. h3 $1 Qxd4
15. hxg4 Nxe4 16. Qf3 b3 17. axb3 Bb7 18. Be3 Qb4 19. Qh3 h4 20. Nb6 Rd8 21.
Nc4) 14. e5 Ne4 15. Bxe4 dxe4 16. h3 Nh6 17. Bxb4 Bxb4 18. Qxg7 Rf8 19. Qxh6
Bd7 20. a3 $5 (20. f5 $5 Bxa4 21. fxe6 Rd8 $1 $13 {/=} 22. exf7+ Rxf7 23. Qxa6
Bd2+ $1 24. Rxd2 Rxd4) 20... Bxa3 21. Qh7 Bxa4 22. Qxe4 Bxb2+ 23. Kxb2 Rc8 24.
Qd3 Rb8+ 25. Nb3 a5 $13 {/=} 26. Ra1 Qc6 27. Qd6 Qxd6 28. exd6 Bxb3 29. cxb3
Rb5) 13. h3 $2 $146 {Die Geister, die er rief ... Angesichts hochtaktischer
Komplikationen bringt Leko die Varianten durcheinander, stolpert und McShanes
kecker Damenzug erweist sich bereits als Volltreffer. Indes verfügte Weiß über
zwei gute Alternativen:} ({I} 13. e5 $142 $5 Qxd4 (13... Nd5 $142 14. Bxb4 Bxb4
(14... Nxb4 $143 15. Qxg4 Nxa2+ 16. Kb1 Nb4 17. Bc4 $16) 15. Qxg4 O-O (15... g6
16. Qg3 Qc7 17. c4 Be7 18. h4) 16. Qg3 d6 (16... Qc7 $143 17. a3 Be7 18. f5 $40
) 17. a3 dxe5 18. fxe5 Bd7 19. axb4 Bxa4 20. Qa3 Bd7 21. Bc4 Qb7 22. Bxd5 Qxd5
23. Nf3 $14) 14. exf6 Nf2 (14... Nxf6 15. Be3 Qe4 16. Nb6 Rb8 17. f5 d6 18. Bd3
Qg4 19. Qe1 $1 $16) 15. Qf3 Rb8 (15... d5 $143 16. Bc3) 16. Bc3 Qxd1+ 17. Qxd1
Nxd1 18. fxg7 Bxg7 19. Bxg7 Nf2 (19... Rg8 $2 20. Bd4 $18) 20. Bxh8 Nxh1 21.
Be5 $16 {, dennoch remis/59, Edouard,R (2641) - Neiksans,A (2627), Drancy 2016}
) ({II} 13. c3 $5 h5 (13... d6 14. Bd3 e5 15. fxe5 Nxe5 16. Bc2 $14) 14. Bd3
Bb7 15. Qe1 d5 16. e5 bxc3 17. Bxc3 Ne4 18. Bxe4 dxe4 19. h3 Nh6 20. Kb1 $14)
13... Nxe4 $1 {Die gekonnte Widerlegung mit Bauerngewinn, wobei McShane länger
und präziser als sein Gegner gerechnet hatte.} 14. Qxg4 Qxd4 15. Qf3 Qd5 $1 {
[#] Kaltblütig - mit Blick nach a2} 16. Bxb4 ({Oder: I} 16. Nb6 $4 Qxa2) ({
II Bessere praktische Chancen bot in Anbetracht des schwarzen
Entwicklungsrückstandes das mutige} 16. Be3 $5 {, z.B.} Qxa2 (16... Qc6 $143
17. Nb6 Rb8 18. Bd3 d5 19. Nc4) 17. Qxe4 d5 18. Qd4 Qa1+ 19. Kd2 Qxa4 20. f5 $1
f6 21. Be2 Be7 22. Bh5+ Kf8 23. Rhe1 Qc6 24. Bf3) 16... Qxa2 17. Qxe4 d5 18.
Qd4 Qa1+ 19. Kd2 Qxa4 $17 {Ende der Variante und des weißen Eröffnungsdebakels:
Zudem hatte Weiß hier (lt. Werders Mannschaftsführer GM Gennadij Fish) bereits
seine Bedenkzeit größtenteils verbraucht (McShane etwa noch 1 Stunde, Leko ca.
15 Minuten).} 20. Bc3 {[#]} Qc6 $2 ({Anstelle der (sich anbietenden) Abwicklung
} 20... Qxd4+ $142 21. Bxd4 Bd6 $17 {wollte der Engländer angesichts der
unterschiedlichen Bedenkzeit wohl mehr Stellungsdruck aufrechterhalten,
revanchiert sich aber dabei zu hastig mit einem Fehler, der den Widersacher
zurück ins Spiel bringt.} ({auch} 21... f6 $142 $17)) 21. Bd3 $2 {Mit diesem
Läuferzug vergibt Leko seine Rettungschance.} ({Klar den Vorzug verdiente} 21.
Be2 $142 $1 {(21.f5 f6)} Rg8 (21... Qc5 22. f5) (21... f6 $6 22. Bh5+) 22. f5
$44 {, z.B.} g6 (22... exf5 23. Kc1 Be6 24. Bf3 O-O-O 25. Kb1 Rd7 26. Qd2 Bd6
27. Rhe1 g5 (27... Bc7 28. Re3 f4 29. Rd3) 28. Bxd5 $11) (22... Be7 23. Bf3
Bg5+ 24. Ke2 $44) 23. fxe6 Bxe6 24. Qe3 Rc8 25. Bd3 Bc5 26. Bd4 $44 {jeweils
mit Kompensation für den abhandengekommenen Bauern.}) 21... f6 $17 22. Bb4 Bd6
23. Bxd6 Qxd6 24. b4 O-O 25. Rhe1 Bd7 26. Ra1 Bb5 27. Ra5 Rac8 28. g3 e5 $5 ({
Öffnet brachial die Mitte und bläst zum Angriff auf den exponierten
Wanderkönig. Statt der nun wachsenden Spannung kam auch die vergleichsweise
ruhige Fortsetzung} 28... Rc6 $5 {in Betracht} 29. Bxb5 axb5 30. Rxb5 Rfc8 $17
{nebst weiterer Transformation ins Damenendspiel:} 31. Rc5 $5 Rxc5 32. bxc5
Rxc5 33. Rxe6 Rxc2+ 34. Kxc2 Qxe6 35. g4 f5 {, und der Minusbauer wird Weiß
zum Verhängnis.}) 29. fxe5 fxe5 30. Rxe5 Qh6+ $5 {[#]} ({Verschmäht die
relativ übersichtlichere Abwicklung} 30... Bxd3 $5 31. cxd3 Qh6+ {, z.B.:} 32.
Re3 (32. Qe3 Qxh3 33. Rc5 Rb8 34. Re7 $5 Kh8 35. Qe5 Qh6+ 36. Kc2 Rxb4 37. Re8
Qh2+ 38. Qe2 Qxe2+ 39. Rxe2 Rg4 $17) 32... Rf2+ 33. Ke1 Rcf8 34. Qxd5+ Kh8 35.
Qe6 R2f6 36. Qe4 Qxh3 $17) 31. Kd1 {Angesichts enormer Komplikationen erliegt
Weiß nun trotz wackeren Widerstands auf Dauer dem konzertierten Angriff der
feindlichen Schwerfiguren. Hier ein kleiner Einblick in die vielfältigen,
spannenden Möglichkeiten:} ({I} 31. Re3 Qxh3 32. Kc1 Qg2 $1 33. Re2 (33. Re7 $2
Qxg3 34. Bxb5 axb5 35. Raa7 Rxc2+ 36. Kd1 (36. Kxc2 Rf2+ {ist Zugumstellung})
36... Rf1+ 37. Kxc2 Rf2+ 38. Kd1 Qf3+ 39. Ke1 Rf1+ 40. Kd2 Rd1+ 41. Kc2 Rxd4
42. Re8+ Qf8 43. Rxf8+ Kxf8 $19) 33... Qxg3 34. Bxb5 axb5 $17 35. Rxb5 $2 Qa3+
36. Kd2 Rf1 37. Qxd5+ Kh8 38. Qe5 Rd8+ 39. Rd5 Qxb4+ 40. c3 (40. Ke3 Rxd5 41.
Qxd5 Qf4+ 42. Kd3 Rf3+ $19) 40... Rxd5+ 41. Qxd5 Qb2+ $19) ({II} 31. Qe3 $5 Qd6
$5 (31... Qxh3 $143 32. Rf5 $5 Rfe8 33. Re5 Rxe5 34. Qxe5 Qh6+ 35. Qe3 Qc6 36.
Qd4 $15 (36. Qc5 Qxc5 37. bxc5 Rxc5 38. Ke3 $15)) 32. c3 Kh8 $1 33. Bxb5 (33.
Re6 Qc7 34. Qe5 Rf2+ 35. Ke1 Rf6 36. Qxc7 Rxe6+ 37. Kd2 Rxc7 38. Bxb5 g6 $17)
33... axb5 34. g4 (34. Rxb5 Qa6 $1 35. Rc5 (35. Ra5 Qf1 $1 36. Qe1 Qc4 37. Qe3
Qb3 $1 $19) 35... Rcd8 36. g4 Qa2+ 37. Kd3 Qb3 38. Kd2 d4 $1 39. cxd4 Qxb4+ 40.
Qc3 Qb7 $17) (34. Re6 Qc7 35. Rxb5 Qd7 $5 36. Ra5 (36. Rc5 Rcd8 {/\...Da4!} 37.
Kd3 (37. Ra5 Qc8 38. g4 Qc4) (37. b5 d4 $1 38. cxd4 Qa7 $17 39. b6 Qa1) 37...
d4 $1 38. cxd4 Qa4 $17) 36... d4 $1 37. cxd4 Qb7 38. Rc5 Ra8 $1 39. Qb3 Qg2+
40. Re2 Qg1 $40 {-/+}) (34. Ra1 Qc6 35. Qd4 Rf2+ 36. Re2 Qh6+ 37. Qe3 Rxe2+ 38.
Kxe2 Qxh3 $17) 34... Qc6 $5 35. Qd4 Rf2+ 36. Re2 (36. Ke1 Qf6 $17 37. Re2 Rf1+
38. Kd2 Qg6 39. Ra7 Rcf8 40. h4 h6 41. h5 Qg5+ 42. Kc2 R1f4) 36... Rf3 37. Ra3
(37. Re3 $2 Rxe3 38. Qxe3 (38. Kxe3 Qh6+) 38... d4 $1 39. Qxd4 Qg2+ 40. Kc1 Rf8
$19) 37... Rxh3 $17) 31... Qxh3 $17 32. Kc1 $6 ({Zäher waren: I} 32. Rxb5 axb5
33. Qxd5+ Kh8 34. Qe4 Qh6 35. Re6 Qh5+ 36. g4 Qh2 $17) ({II} 32. Qxd5+ Kh8 33.
Rh5 (33. Rxb5 Qg4+ 34. Kc1 axb5 35. Qe4 Qxe4 36. Rxe4 Rf2 37. Re3 g6 38. Kb2
Rb8 $17) 33... Qg4+ 34. Kc1 h6 35. Rxb5 axb5 36. Rh4 Qf3 (36... Qxg3 $2 37. Qe4
) 37. Qe5 Qc6 38. Rg4 $17) 32... Qxg3 33. Bxb5 ({I} 33. Kb2 Qf4 34. Qxf4 Rxf4
35. Kb3 Rf3 $19) ({II} 33. Ra3 Bxd3 34. Rxd3 Qf4+ 35. Qxf4 Rxf4 36. Rb3 (36.
Rexd5 Rxb4 $19) 36... Rf2 37. Rb2 d4 $19) 33... axb5 $19 34. Rxd5 (34. Qxd5+
Kh8 35. Qd4 Rc4 36. Qe3 Qh2 $1 (36... Qxe3+ $5 37. Rxe3 Rxb4 38. c3) 37. Qe2
Qh1+ 38. Qd1 Qh3 39. Qd2 Qb3 40. Rf5 Rfc8 41. Rc5 R4xc5 42. bxc5 Qc4 $19) 34...
Qe1+ 35. Qd1 (35. Kb2 Rc4 $19) 35... Qxb4 $19 36. Rdxb5 {[#] Bei diesem
Überfall der Schwerfiguren ließ sich McShane den folgenden Gewaltstreich nicht
entgehen...} ({Falls} 36. Raxb5 {, so z.B.} Qa3+ 37. Kb1 (37. Rb2 Rb8 38. Qd4
Rxb2 39. Qxb2 Rf1+) (37. Kd2 Rf2+) 37... Ra8 {usw.}) 36... Rxc2+ $1 37. Kxc2 (
37. Qxc2 Rf1+ 38. Qd1 Qc3+ {nebst Matt}) 37... Rc8+ 38. Kd3 Rd8+ 39. Ke3 ({
Die Kreuzfesselung nach} 39. Rd5 Qxa5 $1 {ist freilich eine vitale Pointe.})
39... Qc3+ 40. Ke2 Qc4+ {und Weiß gab sich geschlagen.} (40... Qc4+ 41. Ke1
Qh4+ 42. Ke2 Qg4+ {- ein Finale für die Galerie. Am Abend nach dieser Partie
wurde dem 34jährigen Briten, der seit 1999 für Werder Bremen in der
Schachbundesliga aktiv ist, als besondere Würdigung für herausragende
schachsportliche Leistungen wie für seine vorbildliche kämpferische
Einstellung von der Emanuel Lasker Gesellschaft der "Viktor" verliehen.}) 0-1

[Event "BL 1819 SV Werder Bremen - SF Deizisau"]
[Site "?"]
[Date "2018.11.10"]
[Round "1.4"]
[White "Spoelman, Wouter"]
[Black "Keymer, Vincent"]
[Result "1-0"]
[WhiteElo "2573"]
[BlackElo "2502"]
[Annotator "Matthias Krallmann"]
[PlyCount "85"]
[EventDate "2018.??.??"]

1. c4 e6 2. Nf3 d5 3. e3 Nf6 4. b3 Bd6 5. Bb2 O-O 6. Nc3 b6 7. d4 Bb7 8. Bd3
Nbd7 9. cxd5 exd5 10. Qc2 a6 11. O-O Qe7 12. Rac1 Ne4 13. Ne2 Rac8 14. Nf4 (14.
Ng3 f5 15. Qe2 Ra8 16. Rc2 Rf7 17. Rfc1 c6 18. Nd2 a5 19. Ngf1 a4 20. Nb1 a3
21. Ba1 Re8 22. f3 Ng5 23. Rxc6 Bxc6 24. Rxc6 Rf6 25. Rc2 Ne6 26. Nc3 Nc7 27.
Nxd5 Nxd5 28. Bc4 Qf7 29. e4 fxe4 30. fxe4 Kh8 31. Ng3 Nf4 32. Qg4 Qe7 33. e5
Nxe5 34. dxe5 Bxe5 35. Bxe5 Qxe5 36. h4 Rg6 37. Qf3 Rf8 38. Kh2 Qe7 39. Nf5
Rxf5 40. g3 Rf8 41. Rd2 Ne6 42. Qe4 Qc7 {0-1 (42) Adly,A (2473)-Werle,J (2514)
Wijk aan Zee 2006}) 14... g5 15. Nh5 {Eine theoretische Neuerung.} (15. Ne2 f5
16. Ng3 g4 17. Nd2 Qh4 18. f4 Nxg3 19. hxg3 Qf6 20. Kf2 Rce8 21. Rh1 Qg6 22.
Rh4 Bc8 23. Rch1 Nf6 24. Nf1 h5 25. Nd2 Re7 26. a3 Rfe8 27. Re1 Kg7 28. b4 Qf7
29. Nb3 Kg6 30. Nc5 Qf8 31. Bc3 Rg7 32. Nb3 Rh7 33. Bd2 Bd7 34. Rc1 Ra8 35. Qb1
Qc8 36. Rc3 Bb5 37. Bc2 Qd7 38. Kg1 Be7 39. Rxc7 Qxc7 40. Bxf5+ Kg7 41. Bxh7
Nxh7 42. Rxh5 Nf8 43. Qd1 Qd7 44. f5 Kf7 45. Qxg4 Rc8 46. e4 dxe4 47. Rh7+ Ke8
48. Rg7 Qc6 49. d5 Qf6 50. d6 Be2 51. Qxe4 Qxg7 52. Qxe2 Rc2 53. dxe7 Qxe7 54.
Qd3 Ra2 55. Qxa6 Rxd2 56. Nxd2 Qe3+ 57. Kh2 Qh6+ 58. Kg1 Qxd2 59. Qxb6 Qd1+ 60.
Kf2 Qc2+ 61. Kg1 Qd1+ 62. Kf2 Qc2+ 63. Ke3 Qxf5 64. Qc6+ Kf7 65. Qf3 Ke6 66.
Qxf5+ Kxf5 67. Kd4 Ke6 68. a4 Kd6 69. g4 Ne6+ 70. Ke4 Nc7 71. g5 Na6 72. Kf5
Nxb4 73. Kf6 Nd5+ 74. Kf7 {1-0 (74) Danielian,E (2454)-Chiburdanidze,M (2502)
Doha 2011}) 15... f5 16. Qe2 Rce8 $1 {[#] Ein starkes Bauernopfer. Weiß nimmt
das Danaergeschenk an.} 17. Bxa6 $6 (17. b4 f4 18. h3 $11) 17... Bxa6 18. Qxa6
f4 $1 {Jetzt ist dem Springer h5 die Rückzugsroute verwehrt und er steht
latent gefährdet.} 19. Ne5 {Schwarz hat starken Angriff. Spoelman gibt aus
der Not heraus den gewonnen Bauern sofort zurück, steht aber danach klar
schlechter.} Nxe5 20. dxe5 Bxe5 21. Bxe5 Qxe5 22. Qe2 {[#] Bis hierhin hat das
größte deutsche Talent Vincent Keymer ganz ausgezeichnet gespielt, doch
jetzt verliert er den Faden.} Nc5 $6 {Ein unlogischer Rückzug. Es gab zwei
bessere Möglichkeiten für Schwarz.} (22... Nc3 23. Qg4 fxe3 24. fxe3 Rxf1+
25. Rxf1 Rf8 $17) (22... c5 23. Qd3 Re6 24. f3 Nd6 25. Rcd1 fxe3 26. Qxd5 e2
27. Qxe5 exf1=Q+ 28. Kxf1 Rxe5 29. Rxd6 b5 $17) 23. Rfd1 Rf5 24. b4 Ne4 25. Qd3
fxe3 26. fxe3 {[#]} Nf2 $4 {Ein auf diesem Niveau sehr ungewöhnlicher Fehler.
Schwarz übersieht eine Springergabel.} (26... c5 27. bxc5 bxc5 28. a4 Ref8 29.
Ng3 Nxg3 30. hxg3 Qxg3 31. Rf1 c4 32. Qd4 Qe5 $15) 27. Qxd5+ Qxd5 28. Rxd5 Rxd5
29. Nf6+ Kf8 30. Nxd5 Ne4 31. Nxc7 {In dieser Abwicklung hat Schwarz gleich
zwei Bauern verloren. Die technische Verwertung ist eine einfache Übung für
Wouter Spoelman.} Re5 32. a4 Nd2 33. Kf2 Ne4+ 34. Ke2 Nd6 35. Kd3 Ke7 36. b5 g4
37. Na8 Rh5 38. Nxb6 Rxh2 39. Nd5+ Kd8 40. Nf4 Nb7 41. Ke4 Rh6 42. Ke5 Kd7 43.
Kf5 {Ein etwas glücklicher Sieg für Wouter, der für den Gesamterfolg gegen
Deizisau sehr wichtig war.} 1-0

[Event "BL 2018-19"]
[Site "Germany"]
[Date "2018.11.11"]
[Round "2.4"]
[White "Bacrot, Etienne"]
[Black "Werle, Jan"]
[Result "0-1"]
[WhiteElo "2677"]
[BlackElo "2528"]
[Annotator "Matthias Krallmann"]
[PlyCount "84"]
[EventDate "2018.11.10"]
[EventType "team-tourn"]
[EventCountry "GER"]
[SourceTitle "playchess.com"]
[Source "ChessBase"]
[SourceQuality "1"]
[WhiteTeam "Baden-Baden"]
[BlackTeam "Werder Bremen"]

{[%evp 16,84,23,24,28,12,18,0,21,-20,-23,-66,-59,-54,-66,-68,-64,-59,-51,-93,
-62,-70,-86,-76,0,0,-10,-66,-17,-20,-32,-28,0,0,8,12,0,0,0,0,-10,-14,0,-43,-49,
-47,-43,-50,-54,-109,-105,-112,-95,-102,-95,-92,-99,-115,-78,-79,-79,-86,-67,
-154,-165,-168,-168,-290,-289,-406,-408]} 1. e4 e6 2. d4 d5 3. Nc3 Nf6 4. e5
Nfd7 5. f4 c5 6. Nf3 Nc6 7. Be3 a6 8. Ne2 (8. Qd2 b5 9. a3 Rb8 10. dxc5 Bxc5
11. Bxc5 Nxc5 12. b4 Nd7 13. Bd3 Qb6 14. Ne2 f6 15. exf6 Nxf6 16. Ned4 Nxd4 17.
Nxd4 {1/2-1/2 (31) Grischuk, A (2769)-Short,N (2652) Douglas 2018}) 8... Be7 9.
c3 b5 10. a3 O-O 11. g3 $146 (11. Ng3 cxd4 12. cxd4 f5 13. exf6 Nxf6 14. Ne5
Nxe5 15. dxe5 {1-0 (39) Bartel,M (2604)-Socko,B (2593) Warsaw 2018}) 11... a5
12. h4 {Weiß setzt alles auf die Karte Königsangriff.} (12. dxc5 Nxc5 13.
Ned4 Nxd4 14. Nxd4 Bd7 15. Be2 b4 $11) (12. Qc2 Ba6 13. dxc5 Nxc5 14. Bg2 Ne4
$11) 12... b4 13. Qc2 bxc3 14. bxc3 Ba6 15. Ng5 {[%csl Gg5][%cal Rc2h7] [#]} g6
16. h5 Bxg5 $1 {Jan Werle verteidigt sich kaltblütig und eliminiert den
Springer ohne Angst vor schwarzen Felderschwächen zu haben.} 17. fxg5 (17.
hxg6 fxg6) 17... cxd4 18. cxd4 Rc8 19. Qd1 {[#] Computerprogramme bevorzugen
hier ruhige Entwicklungszüge, doch Jan greift zu einem Springeropfer.} Ndxe5 (
19... Qe7 20. Kf2 Nb6 21. Bc1 a4 22. Rh4 Na5 23. Bf4 Nb3 $17) 20. dxe5 $11 {
Die Engine sieht hier gleiche Chancen bei beide Seiten, doch für einen
Menschen ist die weiße Stellung schwieriger zu spielen.} Nxe5 21. Ng1 (21. Bg2
Ng4 22. hxg6 fxg6 23. Bf4 Rxf4 24. Nxf4 Qxg5 $11) 21... Bxf1 22. Kxf1 Nc4 23.
Bf2 Qxg5 24. Nf3 Ne3+ 25. Bxe3 Qxe3 26. Qe2 $6 {Weiß hätte die Damen auf dem
Brett lassen sollen. Das Endspiel mit den drei Bauern für den Springer ist
ein Spiel auf ein Tor.} (26. Kg2 Rc3 27. Re1 Qh6 28. hxg6 fxg6 29. Qd2 $11)
26... Qxe2+ 27. Kxe2 Rc2+ 28. Nd2 Rc3 29. Nf3 gxh5 (29... Rb8 30. g4 (30. h6
Rb2+ 31. Nd2 Rxg3 $15) 30... Rb2+ 31. Nd2 Kg7 32. h6+ Kf6 33. Rhf1+ Ke7 34. g5
e5 35. Rab1 Rxb1 36. Rxb1 Rxa3 37. Rb7+ Ke6 $15) 30. Rxh5 Rb8 31. Rg5+ Kf8 {
[%mdl 1024]} 32. a4 (32. Ra2 $15 Rbb3 33. Nd4 Rxa3 34. Rb2 Ra4 35. Rb8+ Ke7)
32... Rb2+ 33. Nd2 Rcc2 34. Rd1 Ra2 35. Rh5 Kg7 36. Rg5+ Kf6 37. Rg8 Rcb2 38.
Kd3 e5 {[%cal Be6e5,Be5e4,Be4e3][%mdl 32] [#] Es folgt ein fragwürdiger Zug
kurz vor der Zeitkontrolle, der es Schwarz ermöglicht, seinen e-Bauern mit
Schachgebot vorzurücken. Aber Schwarz stand auch bei anderen Zügen bereits
besser.} 39. Kc3 $6 (39. Ke2 e4 40. Rd8 Ke6 41. Re8+ Kd7 42. Re5 Kd6 43. Rh5
Rxa4 $17) 39... Rc2+ $17 40. Kd3 e4+ 41. Ke3 Ra3+ $19 42. Kf4 e3 {Schwarz
gewinnt den Springer oder setzt mittels e2 und Tc4 matt.} 0-1

[Event "BL 2018-19"]
[Site "Germany"]
[Date "2018.11.24"]
[Round "3.7"]
[White "Babula, Vlastimil"]
[Black "Stark, Lars"]
[Result "1-0"]
[WhiteElo "2538"]
[BlackElo "2359"]
[Annotator "Matthias Krallmann"]
[PlyCount "69"]
[EventDate "2018.11.10"]
[EventType "team-tourn"]
[EventCountry "GER"]
[SourceTitle "playchess.com"]
[Source "ChessBase"]
[SourceQuality "1"]
[WhiteTeam "Werder Bremen"]
[BlackTeam "Duesseldorf"]

{[%evp 16,69,6,7,2,1,0,-4,20,10,42,47,53,52,53,64,83,69,82,75,95,79,74,66,66,
66,66,68,62,69,72,77,95,93,105,87,93,76,110,110,103,100,140,103,137,140,167,
172,178,170,383,293,275,285,344,341]} 1. d4 Nf6 {[%cal Bg8f6,Bf6e4,Be4d2][%mdl
32]} 2. c4 e6 3. Nc3 Bb4 4. e3 b6 5. Nge2 Ne4 6. Bd2 Nxd2 7. Qxd2 O-O 8. a3 Be7
9. Nf4 d6 {[%emt 0:00:05]} 10. Bd3 Bb7 11. Qc2 {[#]} h6 $6 {Sieht natürlich
aus, aber in der Folge steht Weiß bereits leicht besser. Die Alternative 11. .
.. g6 ist allerdings ebenfalls nicht verlockend.} (11... g6 12. h4 (12. Bxg6
fxg6 13. Nxe6 Qd7 14. Nxf8 Bxf8 15. O-O $13) (12. Be4 c6 13. h4 e5 14. dxe5
dxe5 15. Nxg6 hxg6 16. Bxg6 Bf6 (16... Nd7 $13) 17. Rd1 Qe7 18. Bf5 Rd8 19.
Rxd8+ Qxd8 20. Qe2 Na6 21. Qg4+ Kf8 22. Ke2 Qe7 23. h5 e4 24. h6 Bh8 25. Nxe4
Nc5 26. h7 Qe5 27. Nxc5 Qxc5 28. Rd1 Bg7 29. Qh4 Qe5 30. Rd8+ Rxd8 31. Qxd8+
Qe8 32. Qd6+ Qe7 33. Qb8+ Qe8 34. Qd6+ Qe7 35. Qb8+ Qe8 36. Qxb7 Qe5 37. Qc8+
Ke7 38. b4 {1-0 (38) Moskalenko,V (2545)-Anagnostopoulos,D (2450) Rethymno 1995
}) 12... e5 13. dxe5 dxe5 14. h5 exf4 15. hxg6 Bf6 16. O-O-O $44) 12. d5 exd5
$146 (12... e5 13. Nfe2 Nd7 14. O-O a5 15. b4 $14 {1/2 (17)-1/2 (46) Kahl, F 
(2470)-Hacker,C (2506) ICCF email 2013}) 13. cxd5 $14 Nd7 14. O-O a6 15. Rac1
Ra7 $6 {Zu passiv gespielt. Es ist allerdings nicht einfach in dieser Stellung
einen konstruktiven Plan für Schwarz zu finden.} (15... Bg5 16. Bh7+ Kh8 17.
Bf5 g6 18. Be4 Bf6 19. Nce2 Rc8 20. Rfd1 Re8 21. Nd4 $14) 16. Rfd1 Re8 17. Nce2
Bf6 18. Bf5 Ba8 19. Nd4 Be5 20. Bxd7 Qxd7 21. Nc6 Bxc6 22. dxc6 Qg4 23. h3 Qh4
24. Nd5 {[#] Der zentralisierte Springer dominiert. Der schwarze Läufer ist
nur zur Verteidigungszwecken zu gebrauchen.} Bf6 25. b3 Qg5 26. f4 Qg3 27. Re1
a5 28. Rcd1 {[%cal Bc1d1,Bd1d3,Bd3g3][%mdl 32]} Re6 29. Re2 Bd8 30. e4 a4 31.
b4 {In der Folge schiebt Vlastimil Babula seinen Gegner zusammen. Der weiße
Raumvorteil sorgt hier bereits für entscheidenden Vorteil.} Re8 32. Rd3 {[#]}
Qh4 $2 (32... Qg6 33. Rde3 Qe6 34. Qc4 Bf6 35. e5 $1 dxe5 36. Rxe5 Bxe5 37.
Rxe5 Qc8 38. Ne7+ Rxe7 39. Rxe7 $16) 33. Kh2 Qh5 34. Rg3 Kh8 35. Ree3 {Eine
überlegen geführte Partie. Schwarz verliert ohne einen offensichtlichen
Fehler gemacht zu haben.} 1-0